Countries with the Most Expensive Starbucks - Statistics

General Stats
  • This quiz has been taken 20 times
  • The average score is 8 of 15
Answer Stats
Price Country % Correct
$5.31 United Kingdom
94%
$5.67 Finland
81%
$5.36 France
81%
$5.08 Norway
81%
$4.83 Sweden
75%
$7.17 Switzerland
69%
$6.55 Denmark
63%
$4.90 Singapore
63%
$5.51 Luxembourg
56%
$4.86 Taiwan
44%
$4.80 Monaco
38%
$4.67 Argentina
13%
$4.95 Chile
13%
$5.52 Hong Kong/Macau
13%
$4.70 Panama
0%
No matching quizzes found
Score Distribution
Percent of People with Each Score
Percentile by Number Answered
Your Score History
You have not taken this quiz